|
|
|
|
| LEADER |
00000cam a2200000 7i4500 |
| 001 |
0000228564 |
| 005 |
20220329150509.0 |
| 020 |
|
|
|a 9789830975870
|
| 040 |
|
|
|a MBPJ
|b eng
|c MBPJ
|e rda
|
| 090 |
0 |
0 |
|a 297.57
|b SYE
|
| 100 |
0 |
|
|a Syeikh Ahmad Faisol Haji Omar ,
|e author
|
| 245 |
1 |
0 |
|a Jentik sikit
|c Syeikh Ahmad Faisol Haji Omar
|
| 260 |
|
|
|a Petaling Jaya :
|b Galeri Ilmu Sdn. Bhd. ,
|c 2016
|
| 300 |
|
|
|a 126p. ;
|c 22cm.
|
| 650 |
|
0 |
|a Islam
|v Miscellanea
|
| 650 |
|
0 |
|a Religious life
|x Islam
|
| 999 |
|
|
|a 00356379
|b BUKU
|c PINJAMAN
|e PERPUSTAKAAN KOMUNITI PETALING JAYA
|
| 999 |
|
|
|a 00389242
|b BUKU
|c PINJAMAN
|e PERPUSTAKAAN KOMUNITI CAW KOTA DAMANSARA
|